Understanding Vulnerabilities in Contemporary Society: (Record no. 187072)

MARC details
000 -LEADER
fixed length control field 00790nam a22002057a 4500
005 - DATE AND TIME OF LATEST TRANSACTION
control field 20220330143626.0
010 ## - LCCN (DPL NO)
LC control number ENG-132165
020 ## - INTERNATIONAL STANDARD BOOK NUMBER
International Standard Book Number 9789391370855
Terms of availability 1295.00
035 ## - SYSTEM CONTROL NUMBER
System control number EN-115697
037 ## - SOURCE OF ACQUISITION
Source of stock number/acquisition DBAD/PUB
082 ## - DEWEY DECIMAL CLASSIFICATION NUMBER
Classification number 305.908
245 ## - TITLE STATEMENT
Title Understanding Vulnerabilities in Contemporary Society:
Remainder of title Psychological Insights and Reflections/
Statement of responsibility, etc Edited by Nandita Baby, Anand Prakash and Ishita U. Bharadwaj
260 ## - PUBLICATION, DISTRIBUTION, ETC. (IMPRINT)
Place of publication, distribution, etc New Delhi
Name of publisher, distributor, etc Sage Publication India Pvt Ltd
Date of publication, distribution, etc 2021
270 ## - ADDRESS
Address B-I/I-I, Mohan Cooperative Industrial Area, Mathura Road
City New Delhi
Postal code 110044
300 ## - PHYSICAL DESCRIPTION
Extent xxv, 327p
Other physical details index
Dimensions 22cm(hbk)
700 ## - ADDED ENTRY--PERSONAL NAME
Personal name Edited by Babu, Nandita
700 ## - ADDED ENTRY--PERSONAL NAME
Personal name Edited by Prakash, Anand
700 ## - ADDED ENTRY--PERSONAL NAME
Personal name Edited by Bharadwaj, Ishita U.
942 ## - ADDED ENTRY ELEMENTS (KOHA)
Source of classification or shelving scheme Dewey Decimal Classification
Item type English Books
Call number suffix UND
Classification part 305.908
Holdings
Withdrawn status Lost status Not for loan Collection code Home library Current library Date acquired Source of acquisition Cost, normal purchase price Full call number Barcode Copy number Cost, replacement price Koha item type
      Non-fiction Central Library Central Library 30/03/2022 DBAD/PUB 1295.00 305.908 UND EN-115697 1 1295.00 English Books

© Delhi Public Library
Hit Counter
free hit counter